Latin: les déclinaisons du nom - Statistiques

Statistiques générales
  • Ce quiz a été pris 48 fois
    47 depuis la dernière actualisation
  • Le résultat moyen est 77 sur 168
Statistiques - réponses
déclinaison Réponse % Correct
1e déclinaison ros{a}
97%
1e déclinaison ros{a}
97%
1e déclinaison ros{ae}
97%
1e déclinaison ros{ae}
94%
1e déclinaison ros{am}
94%
1e déclinaison ros{as}
91%
1e déclinaison ros{a}
89%
1e déclinaison ros{ae}
89%
1e déclinaison ros{ae}
86%
1e déclinaison ros{arum}
86%
1e déclinaison ros{is}
86%
1e déclinaison ros{is}
86%
2e déclinaison popul{us}
83%
2e déclinaison popul{i}
80%
2e déclinaison bell{um}
77%
2e déclinaison bell{a}
74%
2e déclinaison popul{i}
74%
2e déclinaison popul{i}
74%
2e déclinaison bell{a}
71%
2e déclinaison bell{a}
71%
2e déclinaison bell{i}
71%
2e déclinaison bell{is}
71%
2e déclinaison bell{is}
71%
2e déclinaison bell{o}
71%
2e déclinaison bell{o}
71%
2e déclinaison bell{orum}
71%
2e déclinaison bell{um}
71%
2e déclinaison bell{um}
71%
2e déclinaison popul{e}
71%
2e déclinaison popul{is}
71%
2e déclinaison popul{is}
71%
2e déclinaison popul{o}
71%
2e déclinaison popul{o}
71%
2e déclinaison popul{orum}
71%
2e déclinaison popul{um}
71%
2e déclinaison popul{os}
69%
2e déclinaison agr{i}
63%
2e déclinaison ag{er}
60%
2e déclinaison ag{er}
60%
2e déclinaison agr{i}
60%
2e déclinaison agr{i}
60%
2e déclinaison agr{is}
60%
2e déclinaison agr{is}
60%
2e déclinaison agr{o}
60%
2e déclinaison agr{o}
60%
2e déclinaison agr{orum}
60%
2e déclinaison puer{i}
60%
2e déclinaison puer{is}
60%
2e déclinaison puer{is}
60%
2e déclinaison puer{o}
60%
2e déclinaison puer{o}
60%
2e déclinaison puer{um}
60%
3e déclinaison civ{is}
57%
2e déclinaison puer{i}
57%
2e déclinaison puer{orum}
57%
2e déclinaison agr{os}
54%
2e déclinaison agr{um}
54%
3e déclinaison civ{is}
54%
2e déclinaison puer{i}
54%
2e déclinaison puer{os}
54%
3e déclinaison mar{e}
51%
3e déclinaison civ{es}
49%
3e déclinaison civ{i}
49%
3e déclinaison civ{is}
49%
3e déclinaison consul{es}
49%
3e déclinaison corpor{i}
49%
3e déclinaison mar{e}
49%
3e déclinaison mar{e}
49%
3e déclinaison civ{e}
46%
3e déclinaison civ{es}
46%
3e déclinaison civ{es}
46%
3e déclinaison consul{e}
46%
3e déclinaison consul{i}
46%
3e déclinaison consul{is}
46%
3e déclinaison mar{i}
46%
3e déclinaison mar{i}
46%
3e déclinaison mar{is}
46%
3e déclinaison civ{em}
43%
3e déclinaison consul{es}
43%
3e déclinaison consul{es}
43%
3e déclinaison corpor{e}
43%
3e déclinaison corpor{is}
43%
3e déclinaison civ{ibus}
40%
3e déclinaison civ{ibus}
40%
3e déclinaison consul{ibus}
40%
3e déclinaison consul{ibus}
40%
3e déclinaison corpor{a}
40%
3e déclinaison corpor{ibus}
40%
3e déclinaison corpor{ibus}
40%
3e déclinaison corpor{um}
40%
4e déclinaison man{us}
40%
3e déclinaison mar{ia}
40%
3e déclinaison mar{ibus}
40%
3e déclinaison mar{ibus}
40%
3e déclinaison consul{em}
37%
3e déclinaison consul{um}
37%
3e déclinaison corpor{a}
37%
3e déclinaison corpor{a}
37%
4e déclinaison man{us}
37%
3e déclinaison mar{ia}
37%
3e déclinaison mar{ia}
37%
5e déclinaison r{es}
37%
3e déclinaison civ{ium}
34%
3e déclinaison febr{i}
34%
3e déclinaison febr{is}
34%
4e déclinaison man{um}
34%
4e déclinaison man{us}
34%
4e déclinaison man{us}
34%
4e déclinaison man{us}
34%
3e déclinaison mar{ium}
34%
5e déclinaison r{ei}
34%
5e déclinaison r{es}
34%
3e déclinaison corpus{}
31%
4e déclinaison dom{us}
31%
3e déclinaison febr{i}
31%
4e déclinaison man{us}
31%
2e déclinaison puer{}
31%
2e déclinaison puer{}
31%
5e déclinaison r{e}
31%
5e déclinaison r{ei}
31%
5e déclinaison r{em}
31%
5e déclinaison r{es}
31%
5e déclinaison r{es}
31%
5e déclinaison r{es}
31%
3e déclinaison consul{}
29%
4e déclinaison corn{u}
29%
4e déclinaison corn{u}
29%
4e déclinaison corn{u}
29%
3e déclinaison febr{es}
29%
3e déclinaison febr{es}
29%
3e déclinaison febr{es}
29%
3e déclinaison febr{ibus}
29%
3e déclinaison febr{ibus}
29%
5e déclinaison r{erum}
29%
4e déclinaison dom{us}
26%
3e déclinaison febr{is}
26%
3e déclinaison febr{ium}
26%
4e déclinaison man{u}
26%
3e déclinaison consul{}
23%
4e déclinaison corn{ua}
23%
4e déclinaison corn{us}
23%
3e déclinaison corpus{}
23%
3e déclinaison corpus{}
23%
4e déclinaison dom{um}
23%
4e déclinaison dom{us}
23%
3e déclinaison febr{is}
23%
4e déclinaison man{ui}
23%
5e déclinaison r{ebus}
23%
5e déclinaison r{ebus}
23%
4e déclinaison corn{ua}
20%
4e déclinaison corn{ua}
20%
4e déclinaison dom{us}
20%
4e déclinaison man{uum}
20%
4e déclinaison corn{ibus}
17%
4e déclinaison corn{ibus}
17%
4e déclinaison corn{u}
17%
4e déclinaison corn{uum}
17%
4e déclinaison dom{us}
17%
3e déclinaison febr{im}
17%
4e déclinaison man{ibus}
17%
4e déclinaison man{ibus}
17%
4e déclinaison corn{ui}
14%
4e déclinaison dom{ibus}
11%
4e déclinaison dom{ibus}
11%
4e déclinaison dom{ui}
11%
4e déclinaison dom{o}
6%
4e déclinaison dom{orum}
6%
4e déclinaison dom{os}
6%
Aucun quiz correspondant
Distribution des résultats
% des personnes avec chaque résultat
Percentile par nombre de réponses
Votre historique - résultats
Vous n’avez pas pris ce quiz depuis la dernière actualisation